[Event "ch-Paris op C"]
[Site "Paris (Halle Carpentier)"]
[Date "2008.07.02"]
[Round "5.21"]
[White "Sampaio, Victor"]
[Black "Samy, Valerie"]
[Result "0-1"]
[WhiteElo "1350"]
[BlackElo "1499"]
[PlyCount "114"]
[EventDate "2008.06.28"]

1. d4 d5 2. Nc3 Nf6 3. Nf3 e6 4. Ne5 Nc6 5. Bf4 Bb4 6. Nxc6 bxc6 7. Bd2 Bd6 8.
g3 c5 9. Be3 Qe7 10. Bg2 Rb8 11. Rb1 c6 12. Bg5 h6 13. Bxf6 Qxf6 14. dxc5 Bxc5
15. O-O O-O 16. Qd2 Ba6 17. a3 Rfd8 18. Qc1 d4 19. Ne4 Qf5 20. Nxc5 Qxc5 21.
Rd1 Bxe2 22. Rd2 Ba6 23. Bf1 Bc8 24. Qd1 e5 25. c3 Qb6 26. Qe1 Qc7 27. Rbd1 c5
28. b4 Re8 29. bxc5 Qxc5 30. a4 Bd7 31. Ra1 Bc6 32. cxd4 Qd5 33. f3 exd4 34.
Qd1 Qc5 35. Rc1 Qa3 36. Rxc6 Re3 37. f4 Rbe8 38. Be2 h5 39. Rc4 h4 40. gxh4 Rh3
41. Kh1 Qe3 42. Rcxd4 Qf2 43. Qg1 Qxh4 44. f5 Qf6 45. Bb5 Rc8 46. R2d3 Rh4 47.
Rxh4 Qxh4 48. Qg3 Qe4+ 49. Qf3 Qh4 50. Qg3 Qh6 51. Qe1 Rc1 52. Rd1 Rc2 53. Qg3
Qb6 54. f6 Qxf6 55. Rd8+ Qxd8 56. Qe1 Qd5+ 57. Kg1 Qg2# 0-1

[Event "ch-Paris op C"]
[Site "Paris (Halle Carpentier)"]
[Date "2008.07.02"]
[Round "5.23"]
[White "Siaugues, Jean-Claude"]
[Black "Jacquet, Dominique"]
[Result "1-0"]
[WhiteElo "1370"]
[BlackElo "1480"]
[PlyCount "55"]
[EventDate "2008.06.28"]

1. d4 d5 2. Nf3 Nf6 3. e3 e6 4. Bd3 c5 5. c3 Nc6 6. Nbd2 c4 7. Bc2 Bd6 8. O-O
Qc7 9. e4 dxe4 10. Nxe4 Nxe4 11. Bxe4 e5 12. Qe2 Be6 13. d5 Bg4 14. dxc6 bxc6
15. Qxc4 O-O 16. Qxc6 Qxc6 17. Bxc6 Rad8 18. Be4 h6 19. Be3 f5 20. Bd5+ Kh7 21.
c4 e4 22. Ne1 f4 23. Bxa7 f3 24. g3 Rde8 25. Be3 g5 26. Nc2 Rf6 27. Bd4 Rg6 28.
Bf7 1-0

[Event "ch-Paris op C"]
[Site "Paris (Halle Carpentier)"]
[Date "2008.07.02"]
[Round "5.24"]
[White "Adjaj, Benjamin"]
[Black "Geoffroy, Boris"]
[Result "1-0"]
[WhiteElo "1470"]
[BlackElo "1330"]
[PlyCount "59"]
[EventDate "2008.06.28"]

1. d4 d5 2. Bf4 Nc6 3. Nf3 Bf5 4. h3 Nb4 5. Na3 e6 6. c3 Nc6 7. Qa4 Bxa3 8.
bxa3 Qd7 9. e3 Nf6 10. Bb5 Ne4 11. Rc1 a6 12. Ne5 O-O 13. Nxd7 axb5 14. Qxb5
Rfd8 15. Qxb7 Ne7 16. Bxc7 Rdc8 17. Nb6 Rxa3 18. Nxc8 Ng6 19. Nd6 h6 20. Qc8+
Nf8 21. Nxe4 Bxe4 22. Bd6 Rxa2 23. Qxf8+ Kh7 24. Qxf7 Bg6 25. Qxe6 Ra5 26. Be5
Ra7 27. O-O Rb7 28. Ra1 Rf7 29. Ra6 Rf8 30. Qxg6+ 1-0

[Event "ch-Paris op C"]
[Site "Paris (Halle Carpentier)"]
[Date "2008.07.02"]
[Round "5.25"]
[White "Weintraub, Richard"]
[Black "Delhy, Jacques"]
[Result "1/2-1/2"]
[WhiteElo "1470"]
[BlackElo "1320"]
[PlyCount "45"]
[EventDate "2008.06.28"]

1. e4 e5 2. Nf3 Nc6 3. Bc4 Bc5 4. c3 Nf6 5. d4 exd4 6. cxd4 Bb4+ 7. Nc3 Nxe4 8.
O-O Bxc3 9. d5 Ne7 10. bxc3 d6 11. Qd4 Nf6 12. Re1 h6 13. Re2 O-O 14. Bxh6 Nf5
15. Qd3 Nxh6 16. Ng5 Bf5 17. Qg3 Bg6 18. Bd3 Bxd3 19. Qxd3 Qd7 20. Rae1 Rae8
21. Rxe8 Rxe8 22. Rxe8+ Qxe8 23. Kf1 {=} 1/2-1/2

[Event "ch-Paris op C"]
[Site "Paris (Halle Carpentier)"]
[Date "2008.07.02"]
[Round "5.26"]
[White "Fraval, Julie"]
[Black "Zodros, Denis"]
[Result "0-1"]
[WhiteElo "1320"]
[BlackElo "1470"]
[PlyCount "94"]
[EventDate "2008.06.28"]

1. e4 e5 2. d4 d6 3. Nf3 Bg4 4. Be2 Nf6 5. Nc3 Nc6 6. Qd3 g6 7. Bg5 Bxf3 8.
Qxf3 Nxd4 9. Qd3 c6 10. f4 Be7 11. O-O-O O-O 12. h4 Ne6 13. f5 Nc5 14. Qe3 b5
15. Rh3 b4 16. Nb1 Nfxe4 17. Rdh1 Nxg5 18. Rg3 Nge4 19. Rg4 Nf6 20. Rg3 Nd5 21.
Qh6 Bf6 22. Rgh3 Kh8 23. Qh5 Nf4 24. Qg4 Nxh3 25. Rxh3 d5 26. h5 h6 27. Nd2 Ne4
28. Nxe4 dxe4 29. Qxe4 Bg5+ 30. Kb1 Bf6 31. b3 Qb6 32. a4 bxa3 33. Ka2 Rad8 34.
Qa4 e4 35. Qxa3 Qd4 36. Rh1 e3 37. Rd1 Qc3 38. Rb1 Qxc2+ 39. Rb2 Qxb2+ 40. Qxb2
Bxb2 41. Kxb2 Rd2+ 42. Kc1 Rxe2 43. Kd1 Rxg2 44. Ke1 Rb8 45. Kd1 Rxb3 46. Kc1
Rbb2 47. f6 Rbf2 0-1

[Event "ch-Paris op C"]
[Site "Paris (Halle Carpentier)"]
[Date "2008.07.02"]
[Round "5.27"]
[White "Moimeaux, Archibald"]
[Black "Dean, Pietro"]
[Result "1/2-1/2"]
[WhiteElo "1199"]
[BlackElo "1440"]
[PlyCount "116"]
[EventDate "2008.06.28"]

1. c4 e5 2. Nf3 Nc6 3. g3 Nf6 4. d3 Bc5 5. Bg2 O-O 6. O-O d6 7. Nc3 h6 8. Na4
Bb6 9. Bd2 Ba5 10. Bxa5 Nxa5 11. b4 Nc6 12. Qd2 a6 13. Nb2 Re8 14. Qc2 Nxb4 15.
Qb3 c5 16. Na4 Rb8 17. a3 Nc6 18. Nd2 Nd4 19. Qd1 Bd7 20. Nc3 Qa5 21. Nce4 Nxe4
22. Nxe4 Ba4 23. Qe1 Qxe1 24. Raxe1 Red8 25. Nc3 Bc6 26. Rb1 Bxg2 27. Kxg2 Nc2
28. Rb3 Nd4 29. Rb6 Rd7 30. Rfb1 f6 31. Rxa6 bxa6 32. Rxb8+ Kh7 33. Rb6 g5 34.
Rxa6 f5 35. e3 Nc2 36. Nd5 Kg6 37. Kf1 e4 38. dxe4 fxe4 39. Ke2 Na1 40. Kd2 Kf5
41. Kc3 Kg4 42. Kb2 Kf3 43. Kxa1 Kxf2 44. Nf6 Rd8 45. Nxe4+ Kxe3 46. Nxd6 Kd3
47. Nf7 Re8 48. Rxh6 Kc3 49. Rb6 Re2 50. Nxg5 Kxc4 51. h4 Re3 52. Ka2 Rxg3 53.
a4 Kd5 54. a5 Rg4 55. a6 Rxh4 56. a7 Ra4+ 57. Kb3 Rxa7 58. Rb5 Rg7 1/2-1/2

[Event "ch-Paris op C"]
[Site "Paris (Halle Carpentier)"]
[Date "2008.07.02"]
[Round "5.28"]
[White "Maury, Anette"]
[Black "Leconte, Nicolas"]
[Result "1/2-1/2"]
[WhiteElo "1320"]
[BlackElo "1410"]
[PlyCount "71"]
[EventDate "2008.06.28"]

1. e4 d5 2. exd5 Nf6 3. Be2 Nxd5 4. d3 Nc6 5. a3 e5 6. Nf3 Bc5 7. O-O O-O 8.
Bd2 Bg4 9. h3 Bxf3 10. Bxf3 Nd4 11. Nc3 c6 12. Nxd5 cxd5 13. Bg4 f5 14. c3 fxg4
15. cxd4 Bxd4 16. Qxg4 Qf6 17. Qg3 Bxb2 18. Ra2 Bd4 19. Be3 Bxe3 20. Qxe3 Qe6
21. Rc2 d4 22. Qe1 Rac8 23. Rxc8 Qxc8 24. Qb1 b6 25. Qb3+ Kh8 26. Re1 Qc3 27.
Qd1 Re8 28. Re4 Qxa3 29. Qe2 Qc1+ 30. Kh2 Qg5 31. f4 Qf5 32. g3 Kg8 33. Qa2+
Qf7 34. Qe2 Qf5 35. Qa2+ Qf7 36. Qe2 1/2-1/2

[Event "ch-Paris op C"]
[Site "Paris (Halle Carpentier)"]
[Date "2008.07.02"]
[Round "5.29"]
[White "Bouiller, Andre"]
[Black "Zeitoun, Maxime"]
[Result "0-1"]
[WhiteElo "1310"]
[BlackElo "1400"]
[PlyCount "68"]
[EventDate "2008.06.28"]

1. e4 c6 2. d4 d5 3. exd5 cxd5 4. Nf3 Nf6 5. h3 Bf5 6. Nc3 Nc6 7. Bb5 e6 8. Ne5
Qb6 9. a4 Bb4 10. O-O O-O 11. Be3 a6 12. Bd3 Bxd3 13. Qxd3 Bxc3 14. Qxc3 Ne4
15. Qa3 Qc7 16. Bf4 Nxe5 17. Bxe5 Qxc2 18. Rac1 Qd2 19. Rcd1 Qh6 20. b4 Rac8
21. Rc1 Rxc1 22. Rxc1 Qd2 23. Rf1 f6 24. f3 fxe5 25. fxe4 Qxd4+ 26. Kh2 Rxf1
27. exd5 exd5 28. b5 Qf4+ 29. Qg3 Rh1+ 30. Kxh1 Qxg3 31. bxa6 bxa6 32. a5 Qe1+
33. Kh2 Qxa5 34. h4 e4 0-1

[Event "ch-Paris op C"]
[Site "Paris (Halle Carpentier)"]
[Date "2008.07.02"]
[Round "5.30"]
[White "Caille, Hugo"]
[Black "Alary, Antoine"]
[Result "0-1"]
[WhiteElo "1390"]
[BlackElo "1200"]
[PlyCount "112"]
[EventDate "2008.06.28"]

1. e4 c6 2. d4 d5 3. e5 Bf5 4. Be3 e6 5. c3 Qb6 6. b4 Nd7 7. Bd3 Nh6 8. Bxh6
gxh6 9. Bxf5 exf5 10. Qd3 f4 11. Qf5 Rg8 12. Qxh7 Rxg2 13. Qf5 Rg6 14. Qxf4 Qc7
15. Nf3 Rf6 16. Qe3 Rg6 17. Nbd2 h5 18. Nh4 Bh6 19. Qf3 Rg5 20. Nf5 Bf8 21.
Nd6+ Bxd6 22. exd6 Qxd6 23. Qe3+ Qe7 24. Qxe7+ Kxe7 25. Nf3 Rf5 26. Ke2 Re8 27.
Ng1 Kf6+ 28. Kf1 Kg6 29. Re1 Nf6 30. Rxe8 Nxe8 31. h4 Nf6 32. Nh3 Ne4 33. Rg1+
Kh6 34. Rg8 Rf3 35. Kg2 Rxc3 36. Rh8+ Kg7 37. Rxh5 Rc4 38. f3 Nf6 39. Rg5+ Kf8
40. Rf5 Nd7 41. Ng5 Rxd4 42. Rxf7+ Ke8 43. h5 Rh4 44. Rh7 d4 45. h6 d3 46. Kf2
Ne5 47. Ke1 Nc4 48. Rh8+ Ke7 49. h7 d2+ 50. Ke2 Rh1 51. Rg8 d1=Q+ 52. Kf2 Qf1+
53. Kg3 Qg1+ 54. Kf4 Rh4+ 55. Kf5 Nd6+ 56. Ke5 Qd4# 0-1

[Event "ch-Paris op C"]
[Site "Paris (Halle Carpentier)"]
[Date "2008.07.02"]
[Round "5.31"]
[White "Lamure, Pierre-Louis"]
[Black "Duffaud, Celia"]
[Result "1-0"]
[WhiteElo "1290"]
[BlackElo "1390"]
[PlyCount "119"]
[EventDate "2008.06.28"]

1. d4 d5 2. c4 e6 3. Nc3 Nf6 4. Bg5 Nbd7 5. Nf3 c6 6. e3 Qa5 7. Qc2 Bb4 8. Bd3
dxc4 9. Bxc4 O-O 10. Rc1 b5 11. Bb3 c5 12. a3 Bxc3+ 13. Qxc3 Qxc3+ 14. Rxc3 c4
15. Bc2 Nd5 16. Be4 f5 17. Bxd5 exd5 18. b3 Bb7 19. b4 Rae8 20. Bf4 Re4 21. Ne5
Nxe5 22. Bxe5 f4 23. Ke2 fxe3 24. Rxe3 Rxe3+ 25. Kxe3 Rc8 26. Bd6 Rc6 27. Bc5
a6 28. Kf4 Rc8 29. Re1 Ra8 30. Kf5 a5 31. Re7 Bc8+ 32. Ke5 axb4 33. Bxb4 Bg4
34. Kxd5 Rc8 35. f3 Bf5 36. Ke5 Bb1 37. d5 c3 38. Ke6 c2 39. Bd2 h5 40. d6 c1=Q
41. Bxc1 Rxc1 42. d7 Ba2+ 43. Kd6 Rd1+ 44. Kc7 Rc1+ 45. Kb6 Rd1 46. Kxb5 Kf8
47. Re8+ Kf7 48. d8=Q Rxd8 49. Rxd8 Kg6 50. a4 Kg5 51. a5 Kf4 52. a6 Ke3 53. a7
Kf2 54. Rd2+ Kg1 55. Rxa2 Kxh2 56. a8=Q g5 57. Qb8+ Kg1 58. g3 h4 59. Qc8 h3
60. Qc1# 1-0

[Event "ch-Paris op C"]
[Site "Paris (Halle Carpentier)"]
[Date "2008.07.02"]
[Round "5.32"]
[White "Guillaume, Gerard"]
[Black "Lefort, Sophie"]
[Result "0-1"]
[WhiteElo "1390"]
[BlackElo "1199"]
[PlyCount "114"]
[EventDate "2008.06.28"]

1. d4 d5 2. c4 c6 3. cxd5 cxd5 4. Nc3 Nf6 5. g3 Bf5 6. Bg2 Nc6 7. Bg5 e6 8. a3
Qb6 9. Bxf6 gxf6 10. e3 Qxb2 11. Qc1 Qxc1+ 12. Rxc1 Bxa3 13. Ra1 Bb4 14. Rc1 a5
15. Ke2 Bxc3 16. Rxc3 O-O 17. Nf3 Rfc8 18. Rhc1 a4 19. Nh4 Bg6 20. Nf3 a3 21.
Ra1 a2 22. Rb3 Ra4 23. Nd2 Nb4 24. Rxb4 Rxb4 25. Rxa2 Rc2 26. Rxc2 Bxc2 27. f4
Ra4 28. g4 b5 29. f5 b4 30. e4 dxe4 31. Nxe4 Bxe4 32. Bxe4 Ra2+ 33. Kd3 Rxh2
34. Kc4 Rb2 35. d5 exd5+ 36. Bxd5 Kg7 37. Bc6 Rb1 38. Ba4 Kh6 39. Bb3 Rg1 40.
Kxb4 Rxg4+ 41. Kc5 Kg5 42. Bxf7 Kxf5 43. Kd5 Kg5 44. Be6 Rf4 45. Kc5 f5 46. Kd5
Rf1 47. Kd4 f4 48. Kd3 h5 49. Ke2 Ra1 50. Bd5 Kg4 51. Bf3+ Kh4 52. Kd3 Kg3 53.
Bxh5 f3 54. Ke3 f2 55. Be2 Kg2 56. Bf3+ Kg1 57. Be2 f1=Q 0-1

[Event "ch-Paris op C"]
[Site "Paris (Halle Carpentier)"]
[Date "2008.07.02"]
[Round "5.33"]
[White "Antoni, Marc"]
[Black "Dautricourt, Olivier"]
[Result "1-0"]
[WhiteElo "1370"]
[BlackElo "1199"]
[PlyCount "61"]
[EventDate "2008.06.28"]

1. Nf3 Nf6 2. e3 g6 3. b3 Bg7 4. Bb2 O-O 5. c4 c5 6. Be2 Nc6 7. O-O d5 8. d4 b6
9. Nbd2 Ng4 10. h3 Nf6 11. Ne5 Nxe5 12. dxe5 Ne4 13. f4 Ng3 14. Rf3 Nxe2+ 15.
Qxe2 Bf5 16. Rf2 d4 17. e4 d3 18. Qe3 Be6 19. Rd1 f6 20. Nf3 Qc7 21. Rxd3 fxe5
22. Bxe5 Bxe5 23. Nxe5 Rad8 24. Rfd2 Rxd3 25. Rxd3 g5 26. Qg3 h6 27. fxg5 hxg5
28. Qxg5+ Kh7 29. Qg6+ Kh8 30. Qh6+ Kg8 31. Rg3+ 1-0

[Event "ch-Paris op C"]
[Site "Paris (Halle Carpentier)"]
[Date "2008.07.02"]
[Round "5.34"]
[White "Banat, Rizlene"]
[Black "Fouliard, Marc"]
[Result "1-0"]
[WhiteElo "1360"]
[BlackElo "1430"]
[PlyCount "97"]
[EventDate "2008.06.28"]

1. e4 e5 2. Nf3 Nf6 3. Nxe5 d6 4. Nf3 Nxe4 5. g3 g6 6. Bg2 Bg7 7. O-O O-O 8.
Re1 d5 9. d3 Nd6 10. d4 Bg4 11. Nbd2 Bxd4 12. Nb3 Bg7 13. Qxd5 Nc6 14. Nfd4
Nxd4 15. Nxd4 c6 16. Qc5 Qf6 17. c3 Rfe8 18. Bg5 Re5 19. Bxf6 Rxc5 20. Be7 Bf8
21. f3 Re8 22. Bxd6 Rxe1+ 23. Rxe1 Bxd6 24. fxg4 Ra5 25. a3 c5 26. Nb3 Rb5 27.
Nd2 Rxb2 28. Nc4 Rb3 29. Nxd6 b6 30. Bd5 Rxc3 31. Nb5 Rd3 32. Bc4 Rd7 33. Rf1
a6 34. Rxf7 Rxf7 35. Nd6 Kf8 36. Nxf7 b5 37. Ba2 c4 38. Ne5 Ke7 39. g5 Kd6 40.
Nxc4+ bxc4 41. Bxc4 a5 42. Bg8 a4 43. Bxh7 Kc5 44. Bxg6 Kc4 45. Be8 Kb3 46. g6
Kxa3 47. g7 Kb4 48. Bxa4 Kxa4 49. g8=Q 1-0

[Event "ch-Paris op C"]
[Site "Paris (Halle Carpentier)"]
[Date "2008.07.02"]
[Round "5.35"]
[White "Lutard, Florian"]
[Black "Olivier, Camille"]
[Result "1-0"]
[WhiteElo "1370"]
[BlackElo "1260"]
[PlyCount "101"]
[EventDate "2008.06.28"]

1. d4 d5 2. c4 c6 3. Nc3 Bf5 4. Nf3 Nf6 5. Bf4 dxc4 6. e3 e6 7. Bxc4 Nbd7 8.
O-O Be7 9. Qb3 Qb6 10. Qxb6 Nxb6 11. Be2 O-O 12. Rac1 Rac8 13. Ne5 Nfd5 14.
Nxd5 cxd5 15. Bg5 Rxc1 16. Rxc1 Re8 17. Rc7 h6 18. Bxh6 gxh6 19. Bb5 Rb8 20.
Rxe7 a6 21. Be2 Rc8 22. Rxf7 Rc1+ 23. Bf1 Nc4 24. Nd3 Rxf1+ 25. Kxf1 Kxf7 26.
f3 Nd6 27. Nc5 Ke7 28. g4 Bb1 29. a3 Bh7 30. h4 Nc4 31. Nxb7 Nxe3+ 32. Ke2 Nc4
33. Nc5 Nxb2 34. Nxa6 Nc4 35. a4 Kf6 36. Nc5 Ke7 37. Nb3 Kd6 38. f4 Bc2 39. Nc5
Ke7 40. g5 hxg5 41. fxg5 Kf7 42. h5 Bh7 43. Nb7 Kg7 44. a5 Nxa5 45. Nxa5 Kf7
46. Nc6 Kg7 47. Nd8 Bf5 48. Kf3 Be4+ 49. Kf4 Bb1 50. Nxe6+ Kf7 51. Ke5 1-0

[Event "ch-Paris op C"]
[Site "Paris (Halle Carpentier)"]
[Date "2008.07.02"]
[Round "5.36"]
[White "Champs, Sandra"]
[Black "Savadoux, Valentin"]
[Result "1-0"]
[WhiteElo "1499"]
[BlackElo "1140"]
[PlyCount "91"]
[EventDate "2008.06.28"]

1. e4 d6 2. Nf3 Nf6 3. Nc3 g6 4. Bc4 Bg7 5. Ng5 O-O 6. O-O e5 7. d3 c6 8. Be3
Ng4 9. Bd2 b5 10. Bb3 h6 11. Nf3 Nd7 12. a3 Nc5 13. Ba2 a5 14. b4 axb4 15. axb4
Na4 16. Nxa4 bxa4 17. Bb3 a3 18. Qc1 d5 19. Rxa3 Bb7 20. Rxa8 Bxa8 21. h3 Nf6
22. Bxh6 dxe4 23. Bxg7 Kxg7 24. dxe4 Nxe4 25. Nxe5 f5 26. Nd3 g5 27. f3 Nc3 28.
Qe1 Qd4+ 29. Kh1 Nd5 30. Bxd5 Qxd5 31. Qe7+ Rf7 32. Qxg5+ Kf8 33. Nf4 Qd2 34.
Ne6+ Ke8 35. c3 Qxg5 36. Nxg5 Rg7 37. Re1+ Kd7 38. Ne6 Re7 39. Nc5+ Ke8 40.
Rxe7+ Kxe7 41. Kh2 Kd6 42. h4 Kd5 43. h5 Kc4 44. h6 Kxc3 45. h7 Kxb4 46. h8=Q
1-0

[Event "ch-Paris op C"]
[Site "Paris (Halle Carpentier)"]
[Date "2008.07.02"]
[Round "5.37"]
[White "Luond, Patrice"]
[Black "Vallipuram, Tarujan"]
[Result "1-0"]
[WhiteElo "1499"]
[BlackElo "1280"]
[PlyCount "103"]
[EventDate "2008.06.28"]

1. e4 e5 2. Nf3 Nc6 3. Bb5 Nf6 4. d3 Bb4+ 5. c3 Bc5 6. O-O O-O 7. Bg5 a6 8. Ba4
b5 9. Bc2 d6 10. b4 Bb6 11. Nbd2 a5 12. a3 Bg4 13. h3 Bxf3 14. Qxf3 axb4 15.
axb4 Rxa1 16. Rxa1 Qe7 17. Nf1 Qe6 18. Be3 d5 19. Bxb6 cxb6 20. exd5 Nxd5 21.
Bb3 Nce7 22. Ne3 Qg6 23. Nxd5 Nxd5 24. Qxd5 h5 25. Ra8 Rxa8 26. Qxa8+ Kh7 27.
Qd5 Qg5 28. Qxf7 Qg6 29. Qg8+ Kh6 30. Qh8+ Qh7 31. Qd8 Qg6 32. Qd5 Qf5 33. Qc6+
Qf6 34. Qxb5 Qf4 35. Qxb6+ Qf6 36. Qe3+ Qg5 37. Bd5 Qxe3 38. fxe3 Kg5 39. b5
Kh4 40. Kf2 g5 41. b6 e4 42. Bxe4 g4 43. hxg4 hxg4 44. g3+ Kg5 45. b7 Kh6 46.
b8=Q Kg7 47. Qf4 Kg8 48. Bd5+ Kg7 49. Qf7+ Kh6 50. Qg8 Kh5 51. Bf7+ Kh6 52.
Qg6# 1-0

[Event "ch-Paris op C"]
[Site "Paris (Halle Carpentier)"]
[Date "2008.07.02"]
[Round "5.38"]
[White "Timofeeva, Tatiana"]
[Black "Azouni, Anais"]
[Result "1-0"]
[WhiteElo "1499"]
[BlackElo "1250"]
[PlyCount "97"]
[EventDate "2008.06.28"]

1. e4 e5 2. Nf3 f5 3. d3 d6 4. Nc3 Nc6 5. Be3 Nf6 6. exf5 Bxf5 7. d4 Ne4 8. Bd3
Nxc3 9. bxc3 Bxd3 10. cxd3 exd4 11. Bxd4 Nxd4 12. Nxd4 Qe7+ 13. Qe2 c5 14.
Qxe7+ Bxe7 15. Ne6 Kd7 16. Nxg7 Bf6 17. Rb1 Bxc3+ 18. Ke2 Bxg7 19. Rxb7+ Kc6
20. Rxg7 Rhe8+ 21. Kd1 Rf8 22. f3 Rab8 23. Kc2 Rb7 24. Rxb7 Kxb7 25. Re1 Kc6
26. Kc3 h5 27. h4 Rf4 28. Re4 Rf5 29. d4 d5 30. Re5 Rf4 31. Rxh5 cxd4+ 32. Kd3
Kc5 33. Rh7 Kd6 34. h5 Rf8 35. h6 Rc8 36. Rxa7 Rc3+ 37. Kd2 Rc4 38. h7 Rc8 39.
Rg7 Rh8 40. g4 Ke6 41. g5 Kf5 42. g6 Kf6 43. Rg8 Rxg8 44. hxg8=Q Ke5 45. Qf8
Ke6 46. g7 Ke5 47. g8=R Ke6 48. Rg6+ Ke5 49. Qf6# 1-0

[Event "ch-Paris op C"]
[Site "Paris (Halle Carpentier)"]
[Date "2008.07.02"]
[Round "5.39"]
[White "Cordier, Daniel"]
[Black "Nicodeme, Adrien"]
[Result "1-0"]
[WhiteElo "1460"]
[BlackElo "1250"]
[PlyCount "46"]
[EventDate "2008.06.28"]

1. e4 e5 2. Nf3 Nc6 3. Bc4 Nf6 4. Ng5 d5 5. exd5 Nxd5 6. Nxf7 Qd7 7. Nxh8 Bb4
8. Qh5+ g6 9. Nxg6 hxg6 10. Qh8+ Ke7 11. c3 Ba5 12. d4 Nxd4 13. Bg5+ Kf7 14.
Qh7+ Kf8 15. Bh6+ Ke8 16. Qxg6+ Kd8 17. Bg5+ Ne7 18. Qg8+ Qe8 19. Bxe7+ Kxe7
20. Qg7+ Kd8 21. Na3 Qh5 22. Nb5 Nc2+ 23. Kd2 Nxa1 {...} 1-0

[Event "ch-Paris op C"]
[Site "Paris (Halle Carpentier)"]
[Date "2008.07.02"]
[Round "5.40"]
[White "Coadou, Alain"]
[Black "Commercon, Joachim"]
[Result "1-0"]
[WhiteElo "1210"]
[BlackElo "1450"]
[PlyCount "81"]
[EventDate "2008.06.28"]

1. c4 e5 2. g3 Nc6 3. Bg2 Nf6 4. a3 a6 5. Qc2 Bc5 6. e3 Qe7 7. Ne2 d6 8. Nbc3
Bd7 9. O-O O-O 10. h3 Rfe8 11. Rb1 Rab8 12. b4 Ba7 13. b5 axb5 14. Nxb5 Bb6 15.
d3 Nd8 16. f4 c6 17. Nbc3 exf4 18. Rxb6 fxg3 19. Nxg3 Qe5 20. Rf3 Qc5 21. Na4
Qe5 22. e4 Qd4+ 23. Be3 Qa1+ 24. Rb1 Qe5 25. d4 Qe7 26. c5 Nxe4 27. Nxe4 Qxe4
28. Qxe4 Rxe4 29. cxd6 Re6 30. Bf4 b5 31. Nc5 Rg6 32. Nxd7 Rb7 33. Ne5 Rxd6 34.
Rd1 Ne6 35. Nxf7 Rxd4 36. Rxd4 Nxd4 37. Rf2 Rxf7 38. Kh2 c5 39. Bd5 Kf8 40.
Bxf7 Kxf7 41. Bd6+ 1-0

[Event "ch-Paris op C"]
[Site "Paris (Halle Carpentier)"]
[Date "2008.07.02"]
[Round "5.41"]
[White "Boudia, Rayan"]
[Black "Laroui, Idriss"]
[Result "0-1"]
[WhiteElo "1430"]
[BlackElo "1200"]
[PlyCount "114"]
[EventDate "2008.06.28"]

1. d4 Nf6 2. c4 e6 3. Nc3 Bb4 4. Bd2 d5 5. f3 Bxc3 6. Bxc3 Nbd7 7. e4 dxe4 8.
fxe4 Nxe4 9. Qf3 Nxc3 10. bxc3 O-O 11. Bd3 Nf6 12. Ne2 Re8 13. O-O e5 14. Rad1
e4 15. Qg3 exd3 16. Qxd3 Bg4 17. Nf4 Bxd1 18. Rxd1 c5 19. Qg3 Ne4 20. Qg4 Nxc3
21. Rc1 Na4 22. Rf1 Re4 23. Qf5 Re7 24. Nh5 g6 25. Nf6+ Kg7 26. Qh3 h5 27. Qh4
Qxd4+ 28. Qxd4 cxd4 29. Nd5 Rae8 30. Nxe7 Rxe7 31. Rd1 Kf6 32. Rxd4 Ke5 33. Rd2
a6 34. Re2+ Kf6 35. Rxe7 Kxe7 36. Kf2 Kd6 37. Ke3 Kc5 38. Kd3 Nb6 39. Ke4 Nxc4
40. Kf4 f6 41. Ke4 b5 42. Kd3 a5 43. Kc3 b4+ 44. Kb3 Nb6 45. Kb2 a4 46. a3 Nc4+
47. Ka2 Nxa3 48. Kb2 Nc4+ 49. Kc2 Ne3+ 50. Kb2 Nxg2 51. Ka2 b3+ 52. Kb2 Kb4 53.
h3 f5 54. h4 f4 55. Kc1 f3 56. Kd2 a3 57. Kc1 f2 0-1

[Event "ch-Paris op C"]
[Site "Paris (Halle Carpentier)"]
[Date "2008.07.02"]
[Round "5.42"]
[White "Robinet-Duffo, Richard"]
[Black "Su, Sylvie"]
[Result "1-0"]
[WhiteElo "1420"]
[BlackElo "1199"]
[PlyCount "99"]
[EventDate "2008.06.28"]

1. e4 e5 2. Nf3 Nc6 3. Bc4 Bc5 4. O-O Nf6 5. d3 O-O 6. Bg5 d5 7. exd5 Nb4 8.
Bxf6 Qxf6 9. h3 Bd6 10. a3 Na6 11. Nc3 Bf5 12. Qd2 Rfe8 13. Rfe1 Nc5 14. Ng5
Qh6 15. Rad1 Qg6 16. Nge4 Be7 17. Ng3 Bg5 18. Qe2 h6 19. Nxf5 Qxf5 20. Qg4 Qf6
21. Qf3 Qg6 22. Qg3 Rad8 23. h4 Ne4 24. Nxe4 Rd6 25. Nxd6 Qxd6 26. hxg5 hxg5
27. Re2 c6 28. dxc6 bxc6 29. Qf3 Qg6 30. Rde1 g4 31. Qe4 Qh6 32. Qxg4 a5 33.
Rxe5 Rxe5 34. Rxe5 g6 35. Qg5 Qg7 36. Re8+ Kh7 37. Qh4+ Qh6 38. Qxh6+ Kxh6 39.
Ra8 f5 40. Rxa5 c5 41. Rxc5 Kg5 42. a4 Kg4 43. a5 Kg5 44. a6 Kf6 45. a7 Kg5 46.
a8=Q Kf6 47. Qd8+ Kg7 48. Qg8+ Kh6 49. Rc6 f4 50. Qxg6# 1-0

[Event "ch-Paris op C"]
[Site "Paris (Halle Carpentier)"]
[Date "2008.07.02"]
[Round "5.43"]
[White "Zeitoun, David"]
[Black "Clement, Charlene"]
[Result "1-0"]
[WhiteElo "1330"]
[BlackElo "1130"]
[PlyCount "57"]
[EventDate "2008.06.28"]

1. e4 e6 2. d4 d5 3. e5 c5 4. Nf3 Qb6 5. Bg5 Nc6 6. c3 Be7 7. Be3 Qxb2 8. Nbd2
Qxc3 9. Rc1 Qb2 10. Qa4 Qxc1+ 11. Ke2 Qc4+ 12. Nxc4 dxc4 13. Qxc4 f6 14. Ke1 b6
15. Qa4 Bd7 16. Bb5 Rc8 17. Kd2 Nh6 18. Bxc6 Bxc6 19. Qxa7 b5 20. dxc5 Rd8+ 21.
Nd4 Rd7 22. Qb8+ Rd8 23. Qc7 Bxc5 24. Qxc6+ Rd7 25. Qxc5 Rd5 26. Qc8+ Rd8 27.
Qxe6+ Kf8 28. exf6 Rg8 29. Qe7# 1-0

[Event "ch-Paris op C"]
[Site "Paris (Halle Carpentier)"]
[Date "2008.07.02"]
[Round "5.44"]
[White "Nadarajah, Phanujah"]
[Black "Eden, Agnes"]
[Result "1-0"]
[WhiteElo "1160"]
[BlackElo "1290"]
[PlyCount "103"]
[EventDate "2008.06.28"]

1. e4 e5 2. Nf3 Nc6 3. Nc3 Bc5 4. Bc4 Nf6 5. d3 O-O 6. Bg5 h6 7. Bh4 d6 8. Nd5
g5 9. Bg3 Ng4 10. Qe2 Be6 11. O-O a6 12. Rad1 b5 13. Bb3 Nb4 14. h3 Nxd5 15.
exd5 Bf5 16. hxg4 Bxg4 17. Qe4 Qd7 18. Rde1 a5 19. a4 Bf5 20. Qe2 bxa4 21. Bc4
Rab8 22. b3 a3 23. c3 Rfe8 24. Qd2 f6 25. d4 e4 26. Nh2 Ba7 27. Qa2 e3 28. Qxa3
Bb6 29. fxe3 Re7 30. Qa4 Qc8 31. Re2 g4 32. Rf4 h5 33. e4 Bd7 34. Bb5 Bxb5 35.
Qxb5 Ba7 36. Qxa5 Bb6 37. Qa4 Ra8 38. Qb5 Ra1+ 39. Rf1 Ra5 40. Qb4 Qa6 41. Qc4
Qa7 42. e5 fxe5 43. Bf2 e4 44. Bh4 Re8 45. b4 Ra3 46. Qc6 Re5 47. Kh1 Re7 48.
Bxe7 Kg7 49. Qe8 g3 50. Qf7+ Kh8 51. Qg6 Qa8 52. Bf6# 1-0

[Event "ch-Paris op C"]
[Site "Paris (Halle Carpentier)"]
[Date "2008.07.02"]
[Round "5.45"]
[White "Dupont, Jean-Louis"]
[Black "Banat, Samy"]
[Result "1-0"]
[WhiteElo "1280"]
[BlackElo "1010"]
[PlyCount "55"]
[EventDate "2008.06.28"]

1. e4 e5 2. Nf3 Nc6 3. Bc4 a6 4. c3 b5 5. Bb3 d5 6. Bxd5 Bb7 7. d4 f6 8. dxe5
fxe5 9. Nxe5 Nxe5 10. Bxb7 Qxd1+ 11. Kxd1 Rb8 12. Bxa6 Nd3 13. Rf1 Rd8 14.
Bxb5+ Kf7 15. Bc4+ Ke7 16. Kc2 Nf4 17. Bxf4 Nf6 18. e5 Ne4 19. f3 Nc5 20. Nd2
Ke8 21. Bb5+ Nd7 22. e6 Ke7 23. Bg5+ Ke8 24. Bxd8 Kxd8 25. exd7 g5 26. Rae1 Bh6
27. Re8+ Rxe8 28. dxe8=Q# 1-0

[Event "ch-Paris op C"]
[Site "Paris (Halle Carpentier)"]
[Date "2008.07.02"]
[Round "5.46"]
[White "Lachkar, Dan"]
[Black "Moisset, Lola"]
[Result "0-1"]
[WhiteElo "1120"]
[BlackElo "1280"]
[PlyCount "68"]
[EventDate "2008.06.28"]

1. e4 e5 2. Nf3 Nc6 3. Bc4 Nf6 4. Ng5 d5 5. exd5 Ne7 6. d6 Ned5 7. Bxd5 Nxd5 8.
Ne4 Bxd6 9. O-O O-O 10. Nxd6 cxd6 11. c4 Nb6 12. d3 Bf5 13. Nc3 d5 14. cxd5
Nxd5 15. Qf3 Be6 16. Bd2 Nxc3 17. Bxc3 Bd5 18. Qg3 f6 19. Qg4 Qc8 20. Qa4 Bc6
21. Qc4+ Rf7 22. d4 Bd7 23. dxe5 Qxc4 24. exf6 gxf6 25. Rac1 Qg4 26. Rfe1 Rg7
27. g3 Qh3 28. Re3 Bc6 29. f3 Kf7 30. Be1 Re8 31. Rd3 Bb5 32. Rcd1 Bxd3 33.
Rxd3 Rxe1+ 34. Kf2 Qf1# 0-1